[Event "RUS-chT (Women) 13th"]
[Site "Sochi"]
[Date "2012.04.09"]
[Round "1"]
[White "Ubiennykh, Ekaterina"]
[Black "Dogodkina, Julia"]
[Result "1-0"]
[WhiteElo "2307"]
[BlackElo "2161"]
[PlyCount "61"]
[EventDate "2012.04.09"]
[EventType "team-tourn"]
[EventRounds "7"]
[EventCountry "RUS"]
[SourceTitle "CBM 147 Extra"]
[Source "ChessBase"]
[SourceDate "2012.04.24"]
[SourceVersion "1"]
[SourceVersionDate "2012.04.24"]
[SourceQuality "1"]
[WhiteTeam "Yamal (W)"]
[BlackTeam "Izhevsk Udmurtia (W)"]
[WhiteTeamCountry "RUS"]
[BlackTeamCountry "RUS"]

1. e4 e6 2. d4 d5 3. Nc3 Nf6 4. e5 Nfd7 5. f4 c5 6. Nf3 Nc6 7. Be3 cxd4 8. Nxd4 Bc5 9. g3 0-0 10. Bg2 Na5 11. Nce2 Qb6 12. b3 Nc6 13. c3 Ndb8 14. 0-0 Bd7 15. g4 f6 16. exf6 gxf6 17. b4 Be7 18. Nf5 Qb5 19. a4 Qc4 20. b5 Bc5 21. bxc6 bxc6 22. Bxc5 Qxc5+ 23. Qd4 Qb6 24. Rab1 c5 25. Qd2 Qa6 26. Bxd5 exd5 27. Qxd5+ Qe6 28. Qxa8 Bc6 29. Qxa7 Nd7 30. Neg3 Kh8 31. Rbd1 1-0